[Event "ECU-ch U16"]
[Site "Guayaquil"]
[Date "2019.04.20"]
[Round "7"]
[White "Oblitas Calle, Carlos"]
[Black "Burbano Seravique, James Samir"]
[Result "1-0"]
[WhiteElo "1373"]
[BlackElo "1603"]
[PlyCount "83"]
[EventDate "2019.04.17"]
[EventType "swiss"]
[EventRounds "9"]
[EventCountry "ECU"]
[SourceTitle "CBM 190 Extra"]
[Source "ChessBase"]
[SourceDate "2019.07.15"]
[SourceVersion "1"]
[SourceVersionDate "2019.07.15"]
[SourceQuality "1"]

1. d4 d5 2. c3 Nf6 3. Bg5 e6 4. Nd2 h6 5. Bh4 Be7 6. e3 Nbd7 7. Bd3 c5 8. f4 b6 9. Ngf3 0-0 10. 0-0 Bb7 11. Ne5 Rc8 12. Ndf3 Ne4 13. Bxe7 Qxe7 14. Nxd7 Qxd7 15. Ne5 Qe8 16. Qg4 f5 17. Qh4 Nf6 18. Rf3 c4 19. Bc2 Qh5 20. Qxh5 Nxh5 21. g4 fxg4 22. Nxg4 Nf6 23. Ne5 Ne4 24. Kh1 Rc7 25. Rg1 Rf6 26. Rg2 Kh7 27. Kg1 Kh8 28. Bxe4 dxe4 29. Rff2 Bd5 30. Kf1 Kh7 31. Rg1 Rf8 32. Ke2 Rf6 33. Kd2 b5 34. Rff1 a5 35. Ra1 a4 36. Rgc1 Rc8 37. Rg1 Rff8 38. Raf1 Rf6 39. Rf2 Rc7 40. Rfg2 Re7 41. h3 Rf5 42. Ng4 1-0